000 00847nam0a22002291 4500
001 rc\197425
005 20260405235552.0
035 _a(NLR Aleph) 005451717
090 _a4864428
_c4864428
100 _a20030307d1993 |||y0rusy50 ca
101 0 _arus
102 _aRU
105 _aa |||||||||
200 1 _aПринцип объединения
_eВ основных чертах
_eУчение преподоб. Сан-Мен Муна
210 _aМ.
_cАссоц. Святого Духа за Об-ние Мирового христианства
_aСПб.
_cДухов. просвещение
_d1993
215 _aXIV, 168 с.
_cил.
_d24
700 0 _4070
_8rus
_7ca
_aМун Сан Мен
_f1920-2012
_3RU\NLR\AUTH\77109174
_992099
801 0 _aRU
_bNLR
_gpsbo
801 1 _aRU
_bELAR
_2rusmarc
852 _aNLR
_j93-7/34
942 _cBOOK
980 _aNB